01555nam a2200229 a 450000100100000000500170001000800410002704000250006808200150009324500890010824600840019726000370028130000170031850000320033550000600036795201810042795201810060895201810078995201660097095201720113699900170130800004547620201002052254.0150408s1998 dr 000 0 spa d aDO-SdBNPbspacBNPHU axxxxbxxxx00aUnión Nacionalista documentos :bdel 30 de marzo de 1992 al 27 de febrero de 1998.00aDocumentos de la unión nacionalista :btestimonio para la historia dominicana aSanto Domingo :bCollado,c1998. av. ;c22 cm. aLa biblioteca posee el v. 1 aPerteneció a la biblioteca personal de Carmen Herrera 001054708PDaGRbGRcCTd2015-04-08iLF1l0ov. 1, e. 3p45476-30r2020-06-25w2020-06-25yLFPDzPerteneció a la biblioteca personal de Carmen Herrera.ZPréstamo en sala 001054708PDaGRbGRcCTd2015-04-08iLF1l0ov. 1, e. 4p45476-40r2020-06-25w2020-06-25yLFPDzPerteneció a la biblioteca personal de Carmen Herrera.ZPréstamo en sala 001054708PDaGRbGRcCTd2015-04-08iLF1l0ov. 1, e. 5p45476-50r2020-06-25w2020-06-25yLFPDzPerteneció a la biblioteca personal de Carmen Herrera.ZPréstamo en sala 0010718PDaPDbPDcCTd2015-04-08iLF1l0ov. 1p45476-10r2020-06-25w2020-06-25yLFPDzPerteneció a la biblioteca personal de Carmen Herrera.ZNo se presta 0010718PDaPDbPDcCTd2015-04-08iLF1l0ov. 1, e. 2p45476-20r2020-06-25w2020-06-25yLFPDzPerteneció a la biblioteca personal de Carmen Herrera.ZNo se presta c44965d44965